[Event "Werther Schloss op 27th"]
[Site "Werther"]
[Date "2024.03.22"]
[Round "2"]
[White "Stork, Oliver"]
[Black "Giel, Olaf"]
[Result "1-0"]
[WhiteElo "2329"]
[BlackElo "2099"]
[PlyCount "73"]
[EventDate "2024.03.21"]
[EventType "swiss"]
[EventRounds "7"]
[EventCountry "GER"]
[SourceTitle "CB13_2024"]
[SourceDate "2024.03.27"]
[SourceVersion "1"]
[SourceVersionDate "2024.03.27"]
[SourceQuality "1"]

1. d4 Nf6 2. c4 e6 3. Nf3 b6 4. a3 Ba6 5. Qc2 c5 6. dxc5 bxc5 7. g3 Bb7 8. Bg2 Be4 9. Qd1 Be7 10. 0-0 0-0 11. Nc3 Bc6 12. Qc2 a5 13. Rd1 Qb6 14. Bf4 d5 15. cxd5 exd5 16. Ne5 d4 17. Nxc6 Nxc6 18. Na4 Qb5 19. Bxc6 Qxc6 20. Rxd4 Rfc8 21. Rc4 Nd5 22. Rd1 Ra6 23. Qe4 Nxf4 24. Qxf4 Qb5 25. Rdc1 Rf6 26. Qe4 Re6 27. Qd3 Rd8 28. Qc2 Qa6 29. e3 Rh6 30. Nxc5 Qc8 31. Qe4 Bxc5 32. Rxc5 Qh3 33. Qg2 Qg4 34. Qd5 Re8 35. Qf5 Qe2 36. Rc8 Rhe6 37. R1c7 1-0

[Event "Bremen Silvester op-A"]
[Site "Bremen"]
[Date "2022.12.28"]
[Round "3"]
[White "Gressmann, Hanna"]
[Black "Giel, Olaf"]
[Result "1-0"]
[WhiteElo "1884"]
[BlackElo "2139"]
[PlyCount "79"]
[EventDate "2022.12.27"]
[EventType "swiss"]
[EventRounds "7"]
[EventCountry "GER"]
[SourceTitle "CBM 211 Extra"]
[Source "ChessBase"]
[SourceDate "2023.01.31"]
[SourceVersion "1"]
[SourceVersionDate "2023.01.31"]
[SourceQuality "1"]

1. e4 c5 2. c3 Qa5 3. Nf3 Nc6 4. Na3 e6 5. Nc4 Qc7 6. d4 cxd4 7. cxd4 d5 8. exd5 exd5 9. Ne3 Nf6 10. Bd3 Bd6 11. 0-0 0-0 12. a3 Be6 13. h3 Rad8 14. Bd2 Ne4 15. Rc1 Qe7 16. b4 f5 17. Nc2 f4 18. b5 Nb8 19. Bb4 Nd7 20. Re1 Ndf6 21. Nd2 Bxb4 22. Nxb4 Qd7 23. Nxe4 dxe4 24. Bxe4 Nxe4 25. Rxe4 Bxh3 26. Qb3+ Kh8 27. Qxh3 Qxb5 28. Rc5 Qb6 29. Re6 Rd6 30. Rxd6 Qxd6 31. Rc8 h6 32. Rxf8+ Qxf8 33. d5 a5 34. Nc2 Qc5 35. Qd3 Qd6 36. a4 g5 37. Na3 g4 38. Nb5 Qe7 39. Qc3+ Kh7 40. Qc7 1-0

[Event "Oberliga Nord W 1718"]
[Site "Germany"]
[Date "2018.01.21"]
[Round "5.6"]
[White "Giel, Olaf"]
[Black "Markgraf, Stefan"]
[Result "1-0"]
[WhiteElo "2147"]
[BlackElo "2088"]
[PlyCount "67"]
[EventDate "2017.10.08"]
[EventType "team-tourn"]
[EventRounds "9"]
[EventCountry "GER"]
[SourceTitle "EXT 2019"]
[Source "ChessBase"]
[SourceDate "2018.10.10"]
[SourceVersion "1"]
[SourceVersionDate "2018.10.10"]
[SourceQuality "1"]
[WhiteTeam "Bremer SG"]
[BlackTeam "Goettingen Tempo"]
[WhiteTeamCountry "GER"]
[BlackTeamCountry "GER"]

1. d4 Nf6 2. Nf3 e6 3. Bg5 Be7 4. Nbd2 d5 5. e3 c5 6. c3 b6 7. Ne5 0-0 8. Bd3 Bb7 9. 0-0 Nbd7 10. f4 Ne4 11. Bxe7 Qxe7 12. Rf3 f5 13. Nxd7 Qxd7 14. Rh3 Nxd2 15. Qxd2 a5 16. Kf2 Ba6 17. g4 g6 18. Rg1 Bxd3 19. Qxd3 fxg4 20. Rxg4 Rf5 21. e4 dxe4 22. Qxe4 Raf8 23. Re3 cxd4 24. cxd4 R8f6 25. Kg3 Kg7 26. Rc3 Rd5 27. Rd3 Qd6 28. h4 Rdf5 29. Rf3 Qb4 30. Rb3 Qd2 31. Rxb6 h5 32. Rb7+ Kh6 33. Rg5 Rxf4 34. Rxh5+ 1-0

[Event "Oberliga Nord W 1617"]
[Site "Germany"]
[Date "2016.12.04"]
[Round "3.5"]
[White "Hedke, Fred"]
[Black "Giel, Olaf"]
[Result "1-0"]
[WhiteElo "2266"]
[BlackElo "2128"]
[PlyCount "63"]
[EventDate "2016.10.16"]
[EventType "team-tourn"]
[EventRounds "9"]
[EventCountry "GER"]
[SourceTitle "EXT 2018"]
[Source "ChessBase"]
[SourceDate "2017.10.13"]
[SourceVersion "1"]
[SourceVersionDate "2017.10.13"]
[SourceQuality "1"]
[WhiteTeam "Delmenhorst"]
[BlackTeam "Bremer SG"]
[WhiteTeamCountry "GER"]
[BlackTeamCountry "GER"]

1. e4 c5 2. Nf3 d6 3. h3 Nc6 4. c3 Qa5 5. Bd3 g6 6. 0-0 Bg7 7. Bc2 Be6 8. d4 cxd4 9. cxd4 Bc4 10. Bd3 Bxd3 11. Qxd3 Bh6 12. Nc3 Bxc1 13. Raxc1 a6 14. d5 Nb8 15. Nb5 axb5 16. Rc8+ Kd7 17. Rfc1 Nc6 18. Rxa8 Qxa8 19. dxc6+ bxc6 20. Ne5+ Ke8 21. Nxc6 Qxa2 22. Qxb5 Kf8 23. b4 Nf6 24. Qd3 Kg7 25. b5 Ra8 26. b6 Qb2 27. Qb1 Ra2 28. Rf1 Nxe4 29. Qxe4 Qxb6 30. Nxe7 Qb2 31. Nd5 Qd2 32. Ne3 1-0

[Event "Goch op 27th"]
[Site "Goch"]
[Date "2016.09.03"]
[Round "4"]
[White "Stuemer, Paul"]
[Black "Giel, Olaf"]
[Result "1/2-1/2"]
[WhiteElo "2100"]
[BlackElo "2151"]
[PlyCount "38"]
[EventDate "2016.09.01"]
[EventType "swiss"]
[EventRounds "7"]
[EventCountry "GER"]
[SourceTitle "EXT 2018"]
[Source "ChessBase"]
[SourceDate "2017.10.13"]
[SourceVersion "1"]
[SourceVersionDate "2017.10.13"]
[SourceQuality "1"]

1. Nf3 c5 2. e3 g6 3. d4 Bg7 4. Bc4 d5 5. Bb5+ Bd7 6. Be2 Nc6 7. Nc3 cxd4 8. exd4 Nf6 9. 0-0 0-0 10. h3 Bf5 11. a3 Ne4 12. Be3 Rc8 13. g4 Be6 14. Nxe4 dxe4 15. Ng5 Nxd4 16. Nxe6 Nxe6 17. c3 Qc7 18. Re1 Kh8 19. Qd5 Nc5 1/2-1/2

[Event "Goch op 27th"]
[Site "Goch"]
[Date "2016.09.02"]
[Round "3"]
[White "Giel, Olaf"]
[Black "Van Foreest, Machteld"]
[Result "1/2-1/2"]
[WhiteElo "2151"]
[BlackElo "1661"]
[PlyCount "117"]
[EventDate "2016.09.01"]
[EventType "swiss"]
[EventRounds "7"]
[EventCountry "GER"]
[SourceTitle "EXT 2018"]
[Source "ChessBase"]
[SourceDate "2017.10.13"]
[SourceVersion "1"]
[SourceVersionDate "2017.10.13"]
[SourceQuality "1"]

1. d4 d5 2. Nf3 Nf6 3. e3 e6 4. Bd3 Be7 5. Nbd2 0-0 6. 0-0 Nbd7 7. e4 dxe4 8. Nxe4 Nxe4 9. Bxe4 Nf6 10. Bd3 b6 11. Qe2 c5 12. dxc5 Bxc5 13. Bg5 Bb7 14. Rad1 Qe7 15. Ne5 h6 16. Bh4 Bd4 17. Bxf6 Qxf6 18. Nd7 Qg5 19. Be4 Bxe4 20. Qxe4 Bxb2 21. Nxf8 Rxf8 22. Rd7 Qa5 23. a4 Bf6 24. Rfd1 Rc8 25. Qb7 Rxc2 26. Qa8+ Kh7 27. Qe4+ Qf5 28. Qxf5+ exf5 29. Rxf7 a5 30. g3 Rc4 31. Rd6 Bd4 32. Rxf5 Rxa4 33. Rfd5 Bc5 34. Rd7 Ra1+ 35. Kg2 a4 36. Ra7 a3 37. Rdd7 Kg6 38. Rxg7+ Kf5 39. Ra4 Rb1 40. g4+ Kf6 41. Rc7 Rb2 42. Rxc5 bxc5 43. Rxa3 c4 44. Re3 Kg5 45. Re5+ Kf4 46. Re6 c3 47. Rxh6 Kxg4 48. Rc6 c2 49. Rc4+ Kf5 50. Kf3 Rb3+ 51. Ke2 Rb2 52. Ke3 Kf6 53. Rc5 Ke6 54. h4 Rb4 55. h5 Rh4 56. Rxc2 Rxh5 57. f4 Rh1 58. Rc6+ Kf5 59. Rc5+ 1/2-1/2

[Event "Oberliga Nord W 1516"]
[Site "Germany"]
[Date "2015.10.11"]
[Round "2.6"]
[White "Giel, Olaf"]
[Black "Happe, Reinhold"]
[Result "1-0"]
[WhiteElo "2159"]
[BlackElo "2114"]
[PlyCount "155"]
[EventDate "2015.09.20"]
[EventType "team-tourn"]
[EventRounds "9"]
[EventCountry "GER"]
[SourceTitle "CBM 170 Extra"]
[Source "ChessBase"]
[SourceDate "2016.02.25"]
[SourceVersion "1"]
[SourceVersionDate "2016.02.25"]
[SourceQuality "1"]
[WhiteTeam "Bremer SG"]
[BlackTeam "Hellern"]
[WhiteTeamCountry "GER"]
[BlackTeamCountry "GER"]

1. d4 d5 2. Nf3 Nf6 3. e3 c5 4. c3 Nc6 5. Bd3 Qb6 6. h3 e6 7. Nbd2 Be7 8. 0-0 0-0 9. dxc5 Bxc5 10. e4 dxe4 11. Nxe4 Nxe4 12. Bxe4 h6 13. Qe2 Re8 14. b4 Bf8 15. Be3 Qc7 16. Qc4 e5 17. Bd5 Qe7 18. b5 Nd8 19. Rfd1 Bf5 20. Qb3 Qa3 21. Nh4 Be6 22. Bxe6 Nxe6 23. Rd7 b6 24. Nf5 Red8 25. Rad1 Qxb3 26. axb3 Rxd7 27. Rxd7 Bc5 28. b4 Bxe3 29. Nxe3 a5 30. bxa6 Rxa6 31. Rb7 Nf4 32. c4 Nd3 33. b5 Ra1+ 34. Kh2 Nxf2 35. Rxb6 h5 36. Ra6 Rb1 37. Ra2 Ne4 38. h4 Rb3 39. Nd5 Nd6 40. Rc2 Nxb5 41. cxb5 Rxb5 42. Ne7+ Kh7 43. Rc7 e4 44. Nc8 f5 45. Re7 Rd5 46. Re6 Rc5 47. Ne7 Ra5 48. Kg3 Ra3+ 49. Kf4 g6 50. Rxg6 e3 51. Re6 Ra4+ 52. Kxf5 Rxh4 53. Rxe3 Rg4 54. g3 Kh6 55. Kf6 h4 56. Nf5+ Kh5 57. Nxh4 Rg8 58. Nf5 Rf8+ 59. Ke5 Kg5 60. Nd4 Re8+ 61. Ne6+ Kg4 62. Kf6 Rh8 63. Nd4 Rf8+ 64. Ke7 Ra8 65. Kd6 Rd8+ 66. Kc5 Rc8+ 67. Kd5 Rd8+ 68. Kc4 Rc8+ 69. Kd3 Rd8 70. Kc3 Rd7 71. Rd3 Rh7 72. Ne2 Rh2 73. Rd4+ Kg5 74. Kd3 Rh8 75. Ke3 Ra8 76. Rc4 Ra3+ 77. Nc3 Ra8 78. Kf3 1-0

[Event "Oberliga Nord W 1516"]
[Site "Germany"]
[Date "2015.09.20"]
[Round "1.5"]
[White "Giel, Olaf"]
[Black "Korsus, Bernd"]
[Result "0-1"]
[WhiteElo "2135"]
[BlackElo "2303"]
[PlyCount "90"]
[EventDate "2015.09.20"]
[EventType "team-tourn"]
[EventRounds "9"]
[EventCountry "GER"]
[SourceTitle "CBM 170 Extra"]
[Source "ChessBase"]
[SourceDate "2016.02.25"]
[SourceVersion "1"]
[SourceVersionDate "2016.02.25"]
[SourceQuality "1"]
[WhiteTeam "Bremer SG"]
[BlackTeam "Delmenhorst"]
[WhiteTeamCountry "GER"]
[BlackTeamCountry "GER"]

1. d4 Nf6 2. Nf3 c5 3. e3 g6 4. Bd3 Bg7 5. 0-0 0-0 6. b3 cxd4 7. exd4 d5 8. Bb2 Nc6 9. Re1 Bg4 10. h3 Bxf3 11. Qxf3 Nb4 12. Ba3 Nxd3 13. Qxd3 Re8 14. Nd2 Rc8 15. Bb2 Nh5 16. g3 Qc7 17. c4 dxc4 18. bxc4 Rcd8 19. Rad1 e5 20. Qe3 e4 21. c5 b6 22. Nc4 bxc5 23. dxc5 Bxb2 24. Nxb2 Rc8 25. Rc1 Ng7 26. Rc4 Nf5 27. Qg5 e3 28. fxe3 Qb8 29. Nd1 Qb5 30. Rf4 Rxc5 31. g4 h6 32. Qf6 Rc6 33. Qa1 Ng3 34. Qb2 Qa5 35. Qf2 Ne4 36. Qf1 Re7 37. Qe2 Ng3 38. Qf2 Ne4 39. Qe2 g5 40. Rf5 Qc7 41. Qg2 Rc2 42. Nf2 Qc3 43. Rf1 Qxe3 44. Qf3 Qxf3 45. Rxf3 Nd2 0-1

[Event "Goch op 26th"]
[Site "Goch"]
[Date "2015.09.05"]
[Round "5"]
[White "Barisch, Florian"]
[Black "Giel, Olaf"]
[Result "0-1"]
[WhiteElo "1921"]
[BlackElo "2135"]
[PlyCount "132"]
[EventDate "2015.09.03"]
[EventType "swiss"]
[EventRounds "7"]
[EventCountry "GER"]
[SourceTitle "EXT 2018"]
[Source "ChessBase"]
[SourceDate "2017.10.13"]
[SourceVersion "1"]
[SourceVersionDate "2017.10.13"]
[SourceQuality "1"]

1. d4 Nf6 2. Nf3 c5 3. c3 g6 4. Bf4 cxd4 5. cxd4 Bg7 6. e3 0-0 7. Be2 Qb6 8. Qc1 d6 9. 0-0 Bf5 10. Nc3 Nc6 11. Qd2 Ne4 12. Nxe4 Bxe4 13. Bg3 h6 14. h4 e5 15. d5 Ne7 16. Bc4 Rac8 17. Rac1 Nf5 18. Bb3 Nxg3 19. fxg3 f5 20. Kh1 Bf6 21. Rxc8 Rxc8 22. Rc1 Rc5 23. Rc3 Qc7 24. Qc1 b6 25. Nd2 Bd3 26. Rxc5 Qxc5 27. Qxc5 dxc5 28. a4 e4 29. Nc4 Bxc4 30. Bxc4 Bxb2 31. Kg1 Be5 32. Kf2 Kg7 33. Bb5 Kf6 34. Bc4 Bd6 35. Bb3 Ke5 36. Bc4 Kf6 37. Bb3 Be5 38. Bc4 Ke7 39. Bb5 Bb8 40. Ba6 Be5 41. Bb5 Kd6 42. Bc4 a6 43. h5 g5 44. Ke2 Bxg3 45. Kd2 Bf2 46. Ke2 Bg1 47. a5 bxa5 48. Kd2 a4 49. Ke2 Bh2 50. Kf2 Be5 51. Ke2 a3 52. Kd2 f4 53. exf4 gxf4 54. Ke2 Bc3 55. Kf2 Ke5 56. Ba2 Kd4 57. d6 Kd3 58. d7 e3+ 59. Kf3 Ba5 60. Bb1+ Kd2 61. Kxf4 e2 62. g4 Bd8 63. Kf5 e1Q 64. Kg6 Qxb1+ 65. Kxh6 Qb6+ 66. Kh7 Bg5 0-1

[Event "Goch op 26th"]
[Site "Goch"]
[Date "2015.09.05"]
[Round "4"]
[White "Giel, Olaf"]
[Black "Braun, Christian1111"]
[Result "0-1"]
[WhiteElo "2135"]
[BlackElo "2420"]
[PlyCount "44"]
[EventDate "2015.09.03"]
[EventType "swiss"]
[EventRounds "7"]
[EventCountry "GER"]
[SourceTitle "EXT 2018"]
[Source "ChessBase"]
[SourceDate "2017.10.13"]
[SourceVersion "1"]
[SourceVersionDate "2017.10.13"]
[SourceQuality "1"]

1. d4 Nf6 2. Nf3 c5 3. e3 g6 4. Be2 Bg7 5. 0-0 0-0 6. c4 cxd4 7. exd4 d5 8. Nc3 Nc6 9. h3 Be6 10. Ng5 Bf5 11. Be3 dxc4 12. Bxc4 Na5 13. Be2 Rc8 14. Rc1 Nc4 15. Bxc4 Rxc4 16. Qb3 Rc7 17. Nb5 Rxc1 18. Rxc1 Nd5 19. Nxa7 Nxe3 20. fxe3 e5 21. Nxf7 Rxf7 22. e4 Qxd4+ 0-1

[Event "Oberliga Nord W 1415"]
[Site "Germany"]
[Date "2014.09.22"]
[Round "1.8"]
[White "Giel, Olaf"]
[Black "Roehrich, Stefan"]
[Result "0-1"]
[WhiteElo "2153"]
[BlackElo "2124"]
[PlyCount "100"]
[EventDate "2014.09.22"]
[EventType "team-tourn"]
[EventRounds "9"]
[EventCountry "GER"]
[SourceTitle "EXT 2016"]
[Source "ChessBase"]
[SourceDate "2015.10.08"]
[SourceVersion "1"]
[SourceVersionDate "2015.10.08"]
[SourceQuality "1"]
[WhiteTeam "Bremer SG"]
[BlackTeam "Hellern"]
[WhiteTeamCountry "GER"]
[BlackTeamCountry "GER"]

1. d4 Nf6 2. Nf3 e6 3. e3 b6 4. Nbd2 Bb7 5. Bd3 c5 6. c3 Be7 7. 0-0 d6 8. Qe2 Nbd7 9. e4 cxd4 10. cxd4 e5 11. Nc4 b5 12. Ncxe5 dxe5 13. dxe5 Ng4 14. Bxb5 a6 15. Ba4 Qa5 16. Bxd7+ Kxd7 17. Bf4 Rhd8 18. h3 Nh6 19. e6+ Ke8 20. Ne5 Bf6 21. Nc4 Qb5 22. a4 Qc6 23. Bxh6 gxh6 24. exf7+ Kxf7 25. Rfe1 Qe6 26. Qh5+ Kg7 27. e5 Be7 28. Ne3 Rf8 29. Rac1 Rac8 30. Qg4+ Kf7 31. Qf5+ Qxf5 32. Nxf5 Ke6 33. Nd4+ Kd5 34. Rcd1 Kc4 35. Ne6 Rg8 36. Re3 Kb4 37. g4 Bc6 38. b3 h5 39. Rd4+ Ka5 40. Rf4 Bd5 41. Rf7 Bc5 42. b4+ Bxb4 43. Rf6 Rc1+ 44. Kh2 h4 45. f3 Rc2+ 46. Kh1 Rgc8 47. Nf4 Rc1+ 48. Kg2 R8c2+ 49. Re2 Rxe2+ 50. Nxe2 Rc2 0-1

[Event "Bargteheide op"]
[Site "Bargteheide"]
[Date "2013.05.09"]
[Round "2"]
[White "Giel, Olaf"]
[Black "Kopylov, Michael"]
[Result "0-1"]
[WhiteElo "2116"]
[BlackElo "2460"]
[PlyCount "106"]
[EventDate "2013.05.09"]
[EventType "swiss"]
[EventRounds "7"]
[EventCountry "GER"]
[SourceTitle "CBM 154 Extra"]
[Source "ChessBase"]
[SourceDate "2013.06.25"]
[SourceVersion "2"]
[SourceVersionDate "2013.06.25"]
[SourceQuality "1"]

1. d4 Nf6 2. Nf3 c5 3. e3 g6 4. c3 b6 5. Bd3 Bg7 6. 0-0 0-0 7. Re1 d5 8. Nbd2 Nbd7 9. e4 cxd4 10. cxd4 dxe4 11. Nxe4 Bb7 12. Bg5 Nxe4 13. Bxe4 Bxe4 14. Rxe4 Nf6 15. Re2 Nd5 16. Qd2 Qd6 17. Rae1 e6 18. Bh6 Rac8 19. Re5 Qb4 20. R5e2 Qxd2 21. Bxd2 Rc4 22. Be3 Rfc8 23. a3 a5 24. g3 a4 25. Nd2 Rc2 26. Ne4 R8c4 27. Nd6 Rc6 28. Nb5 Kf8 29. Kf1 R2c4 30. Rd1 Ke7 31. Na7 Rc7 32. Nb5 Rc8 33. Rd3 Kd7 34. Bd2 Ra8 35. Bg5 Ra5 36. b3 axb3 37. Rxb3 Kc6 38. Reb2 Bxd4 39. Nxd4+ Rxd4 40. Be3 Rd1+ 41. Ke2 Ra1 42. Bxb6 R5xa3 43. Rc2+ Kd7 44. Rxa3 Rxa3 45. Bd4 Ra4 46. Rd2 Kd6 47. f4 Rc4 48. Be5+ Kc5 49. Bb8 Rb4 50. Rc2+ Kd4 51. Be5+ Ke4 52. Bd6 Ne3 53. Ra2 Rc4 0-1

[Event "Norderstedt op"]
[Site "Norderstedt"]
[Date "2013.04.01"]
[Round "8"]
[White "Daug, Joern Henning"]
[Black "Giel, Olaf"]
[Result "0-1"]
[WhiteElo "1980"]
[BlackElo "2113"]
[PlyCount "68"]
[EventDate "2013.03.28"]
[EventType "swiss"]
[EventRounds "9"]
[EventCountry "GER"]
[SourceTitle "EXT 2015"]
[Source "ChessBase"]
[SourceDate "2014.11.20"]
[SourceVersion "1"]
[SourceVersionDate "2014.11.20"]
[SourceQuality "1"]

1. d4 Nf6 2. Nf3 e6 3. c4 b6 4. g3 Ba6 5. Qc2 Bb4+ 6. Bd2 Be7 7. Bg2 0-0 8. 0-0 c6 9. Rd1 d5 10. b3 Nbd7 11. a4 Ne4 12. Be1 f5 13. a5 Bf6 14. Ra2 Qe7 15. Na3 Rfc8 16. e3 g5 17. Nd2 c5 18. Nxe4 dxe4 19. d5 Ne5 20. d6 Qd7 21. Bc3 Rc6 22. axb6 Rxb6 23. Bxe5 Bxe5 24. Bxe4 Rd8 25. Bf3 g4 26. Be2 Bb7 27. f3 gxf3 28. Bf1 a6 29. Nb1 Be4 30. Qc1 Rxd6 31. Rxd6 Qxd6 32. Rd2 Bxg3 33. hxg3 Qxg3+ 34. Bg2 Rxd2 0-1

[Event "Norderstedt op"]
[Site "Norderstedt"]
[Date "2013.03.30"]
[Round "5"]
[White "Giel, Olaf"]
[Black "Marzec, Witold"]
[Result "1-0"]
[WhiteElo "2113"]
[BlackElo "1804"]
[PlyCount "91"]
[EventDate "2013.03.28"]
[EventType "swiss"]
[EventRounds "9"]
[EventCountry "GER"]
[SourceTitle "EXT 2015"]
[Source "ChessBase"]
[SourceDate "2014.11.20"]
[SourceVersion "1"]
[SourceVersionDate "2014.11.20"]
[SourceQuality "1"]

1. d4 Nf6 2. Nf3 e6 3. e3 d5 4. Nbd2 Be7 5. Bd3 c5 6. c3 cxd4 7. exd4 Nc6 8. 0-0 0-0 9. Re1 Qc7 10. Qe2 Ne8 11. Ne5 f5 12. Ndf3 Nxe5 13. dxe5 b6 14. Bd2 Bb7 15. Nd4 Qc8 16. b4 a6 17. Rac1 Nc7 18. Nb3 Qd7 19. Be3 b5 20. Bd4 Rac8 21. Qh5 Qe8 22. Qxe8 Rfxe8 23. Bc5 Bxc5 24. Nxc5 Bc6 25. Nb3 Rb8 26. f4 Na8 27. Kf2 Nb6 28. Nd4 Rbc8 29. h3 g6 30. g4 Bb7 31. gxf5 gxf5 32. Rg1+ Kf7 33. Bxf5 exf5 34. Nxf5 Bc6 35. Rg7+ Kf8 36. Rcg1 d4 37. Rxh7 Be4 38. Rh8+ Kf7 39. Rg7+ Ke6 40. Rh6+ Kd5 41. Rd6+ Kc4 42. Rxd4+ Kxc3 43. Rxe4 Rh8 44. Rg3+ Kb2 45. Nd4 Rc1 46. Re2+ 1-0

[Event "Norderstedt op"]
[Site "Norderstedt"]
[Date "2013.03.29"]
[Round "3"]
[White "Giel, Olaf"]
[Black "Schwedek, Tony"]
[Result "0-1"]
[WhiteElo "2113"]
[BlackElo "1921"]
[PlyCount "76"]
[EventDate "2013.03.28"]
[EventType "swiss"]
[EventRounds "9"]
[EventCountry "GER"]
[SourceTitle "EXT 2015"]
[Source "ChessBase"]
[SourceDate "2014.11.20"]
[SourceVersion "1"]
[SourceVersionDate "2014.11.20"]
[SourceQuality "1"]

1. d4 Nf6 2. Nf3 g6 3. Nbd2 d5 4. e3 Bg7 5. Be2 0-0 6. b4 Nfd7 7. Bb2 c5 8. bxc5 Nxc5 9. c4 dxc4 10. Bxc4 Bf5 11. 0-0 Ne4 12. Qb3 Nxd2 13. Nxd2 Nc6 14. Bc3 Na5 15. Bxa5 Qxa5 16. Rfd1 Rab8 17. a4 a6 18. h3 Qc7 19. Rac1 Qa5 20. Bd5 b5 21. Ra1 bxa4 22. Rxa4 Rxb3 23. Rxa5 Rb5 24. Rxb5 axb5 25. Rc1 Rc8 26. Rxc8+ Bxc8 27. Nb3 e5 28. Kf1 exd4 29. exd4 Kf8 30. Ke2 Ke7 31. Kd3 Be6 32. Bxe6 Kxe6 33. Kc3 Bf8 34. Nc5+ Kd5 35. Nd7 Bg7 36. Kb4 Kc6 37. Nb8+ Kc7 38. Na6+ Kb6 0-1

[Event "Oberliga Nord W 1213"]
[Site "Germany"]
[Date "2013.03.17"]
[Round "8.6"]
[White "Giel, Olaf"]
[Black "Markgraf, Stefan"]
[Result "1-0"]
[WhiteElo "2101"]
[BlackElo "2101"]
[PlyCount "65"]
[EventDate "2012.10.14"]
[EventType "team-tourn"]
[EventRounds "9"]
[EventCountry "GER"]
[SourceTitle "EXT 2014"]
[Source "ChessBase"]
[SourceDate "2013.11.20"]
[SourceVersion "1"]
[SourceVersionDate "2013.11.20"]
[SourceQuality "1"]
[WhiteTeam "Bremer SG"]
[BlackTeam "Goettingen Tempo"]
[WhiteTeamCountry "GER"]
[BlackTeamCountry "GER"]

1. d4 Nf6 2. Nf3 e6 3. e3 b6 4. Bd3 Bb7 5. Nbd2 d5 6. 0-0 Bd6 7. c3 Nbd7 8. Qc2 0-0 9. e4 dxe4 10. Nxe4 Nxe4 11. Bxe4 Bxe4 12. Qxe4 Nf6 13. Qe2 Qe8 14. Re1 Nd5 15. Bd2 Qc6 16. c4 Nf4 17. Bxf4 Bxf4 18. Rad1 Rfd8 19. Qd3 g6 20. g3 Bd6 21. b3 a5 22. Ng5 Bf8 23. Ne4 Bg7 24. Qf3 Kf8 25. d5 exd5 26. Ng5 Kg8 27. Qxf7+ Kh8 28. Re6 Qc5 29. Re7 Rg8 30. Rxd5 Qb4 31. Nxh7 Qc3 32. Qxg6 Bf8 33. Nf6 1-0

[Event "Oberliga Nord W 1213"]
[Site "Germany"]
[Date "2012.12.09"]
[Round "4.7"]
[White "Kaiser, Gerhard"]
[Black "Giel, Olaf"]
[Result "1-0"]
[WhiteElo "2096"]
[BlackElo "2101"]
[PlyCount "55"]
[EventDate "2012.10.14"]
[EventType "team-tourn"]
[EventRounds "9"]
[EventCountry "GER"]
[SourceTitle "EXT 2014"]
[Source "ChessBase"]
[SourceDate "2013.11.20"]
[SourceVersion "1"]
[SourceVersionDate "2013.11.20"]
[SourceQuality "1"]
[WhiteTeam "Hameln"]
[BlackTeam "Bremer SG"]
[WhiteTeamCountry "GER"]
[BlackTeamCountry "GER"]

1. e4 c5 2. Nf3 d6 3. d4 cxd4 4. Nxd4 e5 5. Nb5 Be7 6. c4 f5 7. N1c3 a6 8. Na3 Nf6 9. Bg5 Nxe4 10. Bxe7 Qxe7 11. Nxe4 fxe4 12. Qd5 Be6 13. Qxe4 Nc6 14. Bd3 Nd4 15. 0-0 Rc8 16. Rac1 Bf5 17. Qe3 0-0 18. Nc2 Bxd3 19. Qxd3 Ne6 20. Ne3 Nd4 21. Nd5 Qh4 22. f4 Rce8 23. Rce1 Re6 24. Re3 Nf5 25. Rh3 Qg4 26. Ne3 Qg6 27. fxe5 dxe5 28. Rxf5 1-0

[Event "Rhein Main op-A 15th"]
[Site "Bad Homburg"]
[Date "2012.06.09"]
[Round "5"]
[White "Feldtmann, Thomas"]
[Black "Giel, Olaf"]
[Result "1-0"]
[WhiteElo "2289"]
[BlackElo "2105"]
[PlyCount "61"]
[EventDate "2012.06.06"]
[EventType "swiss"]
[EventRounds "7"]
[EventCountry "GER"]
[SourceTitle "EXT 2013"]
[Source "ChessBase"]
[SourceDate "2012.11.22"]
[SourceVersion "1"]
[SourceVersionDate "2012.11.22"]
[SourceQuality "1"]

1. e4 c5 2. Nf3 d6 3. d4 cxd4 4. Nxd4 e5 5. Bb5+ Nd7 6. Nf5 a6 7. Ba4 b5 8. Bb3 Nb6 9. Nc3 Be6 10. 0-0 Qd7 11. Be3 Nc4 12. Nd5 Bxd5 13. Qxd5 Rc8 14. Bxc4 Rxc4 15. Rad1 Rc6 16. f4 g6 17. Ng3 Bh6 18. Qd2 Qe6 19. fxe5 Bxe3+ 20. Qxe3 dxe5 21. Qd2 Kf8 22. Rf3 Kg7 23. Nh5+ gxh5 24. Qg5+ Qg6 25. Qxe5+ f6 26. Rd7+ Kh6 27. Qd4 Rc4 28. Qd6 Rxe4 29. Qf8+ Kg5 30. Rd5+ Kh4 31. Rh3+ 1-0

[Event "Rhein Main op-A 15th"]
[Site "Bad Homburg"]
[Date "2012.06.07"]
[Round "3"]
[White "Belz, Frank Martin"]
[Black "Giel, Olaf"]
[Result "0-1"]
[WhiteElo "2006"]
[BlackElo "2105"]
[PlyCount "80"]
[EventDate "2012.06.06"]
[EventType "swiss"]
[EventRounds "7"]
[EventCountry "GER"]
[SourceTitle "EXT 2013"]
[Source "ChessBase"]
[SourceDate "2012.11.22"]
[SourceVersion "1"]
[SourceVersionDate "2012.11.22"]
[SourceQuality "1"]

1. Nf3 g6 2. c4 Bg7 3. Nc3 c6 4. g3 d6 5. Bg2 f5 6. d3 Nf6 7. Bg5 Nbd7 8. Qc1 e5 9. Bh6 Bxh6 10. Qxh6 Qb6 11. Qd2 0-0 12. 0-0 Nc5 13. Rab1 a5 14. b3 Bd7 15. d4 Nce4 16. Nxe4 fxe4 17. Nxe5 dxe5 18. dxe5 Bf5 19. exf6 e3 20. fxe3 Bxb1 21. Rxb1 Rxf6 22. Qd4 Qd8 23. Rd1 Qe7 24. e4 Rff8 25. Qd6 Qe8 26. e5 Rd8 27. Qxd8 Qxd8 28. Rxd8 Rxd8 29. Be4 Kf7 30. Bd3 Ke6 31. Kf2 Kxe5 32. Ke3 Rf8 33. h4 Rf1 34. h5 gxh5 35. Bxh7 Kf6 36. Be4 Kg5 37. Bg2 Rg1 38. Kf3 Ra1 39. e4 Rxa2 40. e5 Kf5 0-1

[Event "Rhein Main op-A 15th"]
[Site "Bad Homburg"]
[Date "2012.06.07"]
[Round "2"]
[White "Giel, Olaf"]
[Black "Ross, Norbert"]
[Result "1-0"]
[WhiteElo "2105"]
[BlackElo "1853"]
[PlyCount "63"]
[EventDate "2012.06.06"]
[EventType "swiss"]
[EventRounds "7"]
[EventCountry "GER"]
[SourceTitle "EXT 2013"]
[Source "ChessBase"]
[SourceDate "2012.11.22"]
[SourceVersion "1"]
[SourceVersionDate "2012.11.22"]
[SourceQuality "1"]

1. d4 d5 2. Nf3 Nf6 3. e3 e6 4. Bd3 Bd6 5. Nbd2 c5 6. c3 Nc6 7. 0-0 0-0 8. dxc5 Bxc5 9. e4 Qc7 10. Qe2 h6 11. Bc2 Re8 12. h3 Nh5 13. exd5 Nf4 14. Qb5 Nxh3+ 15. Kh1 Nxf2+ 16. Rxf2 Bxf2 17. dxc6 bxc6 18. Qh5 Qe7 19. Ne4 Bb6 20. Bxh6 f5 21. Bg5 Qf7 22. Qxf7+ Kxf7 23. Nd6+ Kf8 24. Nxe8 Kxe8 25. Ba4 Bb7 26. Ne5 Bc7 27. Re1 Kf8 28. Bxc6 Bxc6 29. Nxc6 Kf7 30. Ne5+ Kf8 31. g3 Rb8 32. Nd7+ 1-0